• 首页
  • 本馆介绍
  • 公告通知
  • 最新文献
  • 馆藏检索
  • 电子资源
  • 读者导购
  • 参考咨询
  • 我的图书馆
  • 登录
  • 详细信息显示
  • 放入我的书架
  • 预约/预借图书
  • 作者相关作品
  • 分类相关作品
  • 丛书相关作品
  • 出版社相关作品

书目信息

  • 表格格式
  • 工作单格式
  • 卡片格式
题名:
档案分类文集
    
 
作者: ;中国档案分类法编委会 编
分册:  
出版信息: 北京   档案出版社  1990.10
页数: 388页
开本: 19厘米
丛书名:
单 册:
中图分类: G272.5
科图分类:
主题词: 档案分类--文集
电子资源:
ISBN: 7-80019-260-1
000 00777nam 2200229 45
001 0191005698
005 20060810104703.39
010    @a7-80019-260-1@dCNY6.00
100    @a19910314d1990 ekmy0chiy0121 ea
101 0  @achi
102    @aCN@b110000
105    @ay z 000yy
200 10 @a档案分类文集@ADANG AN FEN LEI WEN JI@f中国档案分类法编委会编@FZHONG GUO DANG AN FEN LEI FA BIAN WEI HUI BIAN
210    @a北京@c档案出版社@d1990.10
215    @a388页@d19厘米
330    @a本书围绕《中国档案分类法》的编制工作,对档案分类的理论作了探索。
540 1  @a档案 分类@ADANG AN FEN LEI
606    @a档案分类@x文集
690    @aG272.5
711 02 @a中国档案分类法编委会@AZHONG GUO DANG AN FEN LEI FA BIAN WEI HUI@4编
801  0 @aCN@bTSSF@c20060810
905    @a10447@dG272.5@e44
    
    档案分类文集/中国档案分类法编委会编.-北京:档案出版社,1990.10
    388页;19厘米
    
    
    ISBN 7-80019-260-1:CNY6.00
    本书围绕《中国档案分类法》的编制工作,对档案分类的理论作了探索。
●
相关链接 在E读中查询图书 在五车中查询图书 在当当中查询图书 在豆瓣中查询图书


正题名:档案分类文集     索取号:G272.5/44         预约/预借

序号 登录号 条形码 馆藏地/架位号 状态 备注
1 0448377   204483772   密集书库/ [索取号:G272.5/44] 在馆    
2 0448378   204483781   密集书库/ [索取号:G272.5/44] 在馆    
唐山师范学院图书馆 欢迎您!
大连网信软件有限公司© 版权所有